| 000 | 01022nam a22002777a 4500 | ||
|---|---|---|---|
| 005 | 20250125135348.0 | ||
| 010 | _aENG-113437-438 | ||
| 020 |
_a0199460949(v.1) _c550.00 |
||
| 020 |
_a9780199460946(v.1) _c550.00 |
||
| 020 |
_a0199460957(v.2) _c495.00 |
||
| 020 |
_a9780199460953(v.2) _c495.00 |
||
| 035 | _aEN-96969-970 | ||
| 037 | _bDBAD/PUB | ||
| 082 | _a181.4 | ||
| 245 |
_aThe collected essays of Bimal Krishna Matilal 7 _cedited by Jonardon Ganeri |
||
| 260 |
_aNew Delhi _bOxford University Press _c2015 |
||
| 270 |
_aYMCA Library Building, 1 Jai Singh Road _bNew Delhi _e110001 |
||
| 300 |
_a2V.(xxxiv,458p.; vii,445p.) _c23cm(pbk) |
||
| 490 | _aPhilosophy, culture and religion | ||
| 500 | _aIncludes bibliographical references and index. | ||
| 505 | _aV.1-Mind, language and world ; V.2-Philosophy, culture and religion | ||
| 600 |
_a Matilal, Bimal Krishna. _977067 |
||
| 650 |
_aIndian philosophy. _977068 |
||
| 700 |
_aGaneri, Jonardon _977069 |
||
| 942 |
_2ddc _cEN _mCOL _h181.4 |
||
| 999 |
_c94832 _d94832 |
||